Представление документа в формате MARC21

Поле Инд. ПП Название Значение
Тип записи a
Библиографический уровень a
001 Контрольный номер 7e040fe875f940529cd3d5e2675407e4
005 Дата корректировки 20241224152516.3
020 a ISBN 978-5-7995-1350-4
041 0_ a Код языка текста rus
080 a Индекс УДК 378.147.88
097 b Оператор *Плё*
100 1_ a Автор Филиппова Н.А.
245 10 a Заглавие Производственная практика и её роль в подготовке студентов технического вуза
b Продолж. заглавия статья
p Название части/ раздела Текст : электронный
520 0_ a Аннотация Рассмотрена актуальность прохождения производственной практики в техническом вузе. Показаны особенности инженернопроизводственной практики в рамках интегрированной системы обучения. Сделан вывод о том, что правильно организованное прохождение практики является эффективным началом профессиональной карьеры выпускников.
653 0_ a Ключевые слова Практика
a Ключевые слова Технологии
a Ключевые слова Выпускник
a Ключевые слова Специальность
a Ключевые слова Профессия
a Ключевые слова Инженер
a Ключевые слова Предприятие
a Ключевые слова Знание
a Ключевые слова Институт
700 12 a Другие авторы Козырева Л.В.
700 12 a Другие авторы Мисюля С.И.
700 12 a Другие авторы Резник И.Д.
773 18 w Контрольный № источника 9822ff8ddc524d69a02bf684fd804d35
t Название источника Актуальные проблемы качества образования в высшей школе
d Место и дата издания Тверь : ТвГТУ, 2024
g Прочая информация С. 148-152
900 a Имя макрообъекта 001-000161171-000000000-0000-0000-01
901 t Тип документа a
950 a Редактор записи вш
951 i EL-ТГТУ? да